[Event "DEM U10/U10w 2013"]
[Site "Oberhof GER"]
[Date "2013.05.23"]
[Round "8"]
[White "Schmidtmann, Samantha"]
[Black "Brückner, Alexander"]
[Result "1-0"]
[Termination "normal"]
[Board "24"]
[WhiteElo "1171"]
[BlackElo "1334"]
[PlyCount "111"]
[WhiteFideId "12956759"]
[BlackFideId "12952613"]
[EventCountry "GER"]
[EventRounds "11"]
[EventType "swiss"]
[EventDate "2013.05.18"]

1. e4 d5 2. exd5 Qxd5 3. Nc3 Qd6 4. d4 Nf6 5. Bd3 a6 6. Bg5 Nbd7 7. Nf3 b5 8.
O-O Bb7 9. Re1 e6 10. Ne4 Qb6 11. c3 Be7 12. Qd2 Rd8 13. a4 c5 14. axb5 axb5
15. Qe3 h6 16. Nxf6+ Nxf6 17. Bxf6 gxf6 18. Be4 cxd4 19. cxd4 f5 20. Bxb7 Qxb7
21. Qe5 Rg8 22. Kf1 b4 23. Ra5 Bd6 24. Qb5+ Qxb5+ 25. Rxb5 Kd7 26. Ne5+ Bxe5
27. dxe5 Rb8 28. Rd1+ Kc6 29. Rxb8 Rxb8 30. b3 Rb5 31. Rd6+ Kc7 32. f4 Rb6 33.
Rd4 Rb5 34. h3 h5 35. Ke2 Kc6 36. Kd2 Rd5 37. Kd3 Kc5 38. Rxd5+ exd5 39. g3 Kb5
40. Kd4 Kc6 41. h4 Kc7 42. Kxd5 Kd7 43. Kc4 Kc7 44. Kxb4 Kb6 45. Kc4 Kc6 46. b4
Kb6 47. Kd5 Kc7 48. e6 f6 49. b5 Kc8 50. Kd6 Kd8 51. b6 Kc8 52. e7 Kb7 53. e8=Q
Kxb6 54. Qb8+ Ka5 55. Kc5 Ka6 56. Qb6# 1-0

[Event "DEM U10/U10w 2013"]
[Site "Oberhof GER"]
[Date "2013.05.23"]
[Round "8"]
[White "Bui, Julia"]
[Black "Kublanov, Elizabeth"]
[Result "1-0"]
[Termination "normal"]
[Board "25"]
[WhiteElo "1260"]
[BlackElo "1103"]
[PlyCount "65"]
[WhiteFideId "12977055"]
[BlackFideId "12944564"]
[EventCountry "GER"]
[EventRounds "11"]
[EventType "swiss"]
[EventDate "2013.05.18"]

1. e4 e5 2. Nf3 Nc6 3. Nc3 Nf6 4. d4 exd4 5. Nxd4 Bb4 6. Nxc6 bxc6 7. Bd3 O-O
8. Bg5 d6 9. O-O h6 10. Bh4 Qe7 11. f4 Bc5+ 12. Kh1 Bd4 13. Qf3 Qe6 14. a3 Ng4
15. f5 Nxh2 16. Kxh2 Qe5+ 17. Bg3 Qf6 18. Bc4 Qg5 19. Rad1 Bb6 20. Qf4 Qh5+ 21.
Qh4 Qxh4+ 22. Bxh4 Re8 23. Bf2 Re5 24. Bxb6 cxb6 25. Rxd6 Bb7 26. Rd7 Rb8 27.
Rxf7 Kh7 28. f6 b5 29. Rxg7+ Kh8 30. Bd3 Rh5+ 31. Kg1 Re5 32. Rf3 Rf8 33. Rxb7
1-0

[Event "DEM U10/U10w 2013"]
[Site "Oberhof GER"]
[Date "2013.05.23"]
[Round "8"]
[White "Richardt, Josia"]
[Black "Grabbel, Lennart Christian"]
[Result "0-1"]
[Termination "normal"]
[Board "27"]
[WhiteElo "1205"]
[BlackElo "893"]
[PlyCount "54"]
[WhiteFideId "16217594"]
[BlackFideId "16201620"]
[EventCountry "GER"]
[EventRounds "11"]
[EventType "swiss"]
[EventDate "2013.05.18"]

1. e4 e5 2. Nf3 Nc6 3. Bc4 Bc5 4. O-O Nf6 5. d4 exd4 6. e5 Ng4 7. Bg5 f6 8.
exf6 gxf6 9. Bf4 d6 10. Re1+ Nge5 11. h3 Bf5 12. Nxe5 dxe5 13. Bh6 Qe7 14. g3
O-O-O 15. Kh2 Qd7 16. Bf1 Qf7 17. Bg2 Ne7 18. Qf3 c6 19. Qd1 Qg6 20. Bd2 h5 21.
Na3 Be6 22. Be4 f5 23. Bg2 h4 24. Rg1 hxg3+ 25. fxg3 f4 26. g4 Bxg4 27. Qxg4+
Qxg4 0-1

[Event "DEM U10/U10w 2013"]
[Site "Oberhof GER"]
[Date "2013.05.23"]
[Round "8"]
[White "Pahl, Erik"]
[Black "Röhr, Tobias"]
[Result "0-1"]
[Termination "normal"]
[Board "28"]
[WhiteElo "880"]
[BlackElo "1389"]
[PlyCount "60"]
[WhiteFideId "16201272"]
[BlackFideId "12963089"]
[EventCountry "GER"]
[EventRounds "11"]
[EventType "swiss"]
[EventDate "2013.05.18"]

1. e4 e5 2. Nc3 Nc6 3. f4 exf4 4. d4 Qh4+ 5. Ke2 d6 6. Nf3 Qe7 7. Bxf4 Bg4 8.
Ke1 O-O-O 9. h3 Bxf3 10. gxf3 Qh4+ 11. Ke2 Qxf4 12. Nd5 Qh4 13. Rg1 Nge7 14.
Nxe7+ Qxe7 15. c3 f5 16. Qd3 Re8 17. Bg2 g6 18. Kd1 Bh6 19. exf5 Kb8 20. fxg6
hxg6 21. Qxg6 Qe3 22. Kc2 Qd2+ 23. Kb3 Na5+ 24. Ka4 Nc4 25. b3 Nb6+ 26. Kb5 a6+
27. Kb4 a5+ 28. Kb5 Rhg8 29. Qf5 Re5+ 30. dxe5 Qd5# 0-1

[Event "DEM U10/U10w 2013"]
[Site "Oberhof GER"]
[Date "2013.05.23"]
[Round "8"]
[White "Hüls, Maximilian"]
[Black "Schnabel, Luise"]
[Result "1/2-1/2"]
[Termination "normal"]
[Board "29"]
[WhiteElo "1617"]
[BlackElo "1417"]
[PlyCount "101"]
[WhiteFideId "12949698"]
[BlackFideId "12943347"]
[EventCountry "GER"]
[EventRounds "11"]
[EventType "swiss"]
[EventDate "2013.05.18"]

1. f4 Nf6 2. b3 g6 3. Bb2 Bg7 4. Nf3 d6 5. e3 O-O 6. Be2 Nbd7 7. d3 Re8 8. O-O
e5 9. fxe5 dxe5 10. e4 c5 11. Nbd2 Qb6 12. Nc4 Qe6 13. Nfxe5 Nxe5 14. Bxe5 b5
15. Bxf6 Bxf6 16. e5 Bxe5 17. Nxe5 Qxe5 18. Re1 Qd4+ 19. Kh1 Bb7 20. Bf3 Rxe1+
21. Qxe1 Bxf3 22. gxf3 Qf6 23. Qf1 Re8 24. Kg2 Qg5+ 25. Kh1 Qf4 26. Rd1 Re6 27.
Qf2 Qd4 28. Qxd4 cxd4 29. Kg2 Re3 30. Kf2 Kg7 31. Re1 Rxe1 32. Kxe1 Kf6 33. Kf2
Kf5 34. Kg3 g5 35. h3 h5 36. Kg2 g4 37. h4 Kf4 38. fxg4 Kxg4 39. Kf2 Kxh4 40.
Kf3 f5 41. Kf4 Kh3 42. Kf3 h4 43. Kf2 f4 44. Kf3 Kh2 45. Kf2 h3 46. a3 f3 47.
a4 b4 48. Kf1 Kh1 49. a5 h2 50. a6 f2 51. Kxf2 1/2-1/2

[Event "DEM U10/U10w 2013"]
[Site "Oberhof GER"]
[Date "2013.05.23"]
[Round "8"]
[White "Wastian, Mareike"]
[Black "Zyla, Lennert"]
[Result "0-1"]
[Termination "normal"]
[Board "30"]
[WhiteElo "1096"]
[BlackElo "1291"]
[PlyCount "42"]
[WhiteFideId "12947423"]
[BlackFideId "12981567"]
[EventCountry "GER"]
[EventRounds "11"]
[EventType "swiss"]
[EventDate "2013.05.18"]

1. e4 g6 2. d4 Bg7 3. Nc3 c6 4. Nf3 d5 5. h3 dxe4 6. Nxe4 Nd7 7. c3 Ngf6 8. Ng3
O-O 9. Bd3 Nb6 10. O-O Be6 11. Bg5 Bd5 12. Re1 Rc8 13. Qd2 Bxf3 14. gxf3 Re8
15. Rad1 Qd7 16. Bc2 Qxh3 17. Bd3 Qd7 18. Kg2 c5 19. Qe2 cxd4 20. Bb5 d3 21.
Rxd3 Qxb5 0-1

[Event "DEM U10/U10w 2013"]
[Site "Oberhof GER"]
[Date "2013.05.23"]
[Round "8"]
[White "Khamenya, Vitalia"]
[Black "Guckes, Simon"]
[Result "1-0"]
[Termination "normal"]
[Board "31"]
[WhiteElo "1210"]
[BlackElo "1122"]
[PlyCount "165"]
[WhiteFideId "12959260"]
[BlackFideId "12944955"]
[EventCountry "GER"]
[EventRounds "11"]
[EventType "swiss"]
[EventDate "2013.05.18"]

1. e4 c5 2. Nf3 e6 3. c3 Qa5 4. Be2 Nf6 5. d3 Nc6 6. O-O Be7 7. Bg5 O-O 8. e5
Ng4 9. Bxe7 Nxe7 10. d4 Nc6 11. Qc2 cxd4 12. cxd4 Qb6 13. Ng5 g6 14. Bxg4 Nxd4
15. Qd2 Nc6 16. Re1 Qb5 17. Nc3 Qa5 18. Qe3 d5 19. exd6 Qb4 20. Be2 Qxd6 21.
Nge4 Qe5 22. Qg5 Qxg5 23. Nxg5 Nd4 24. Rac1 Nxe2+ 25. Rxe2 h6 26. Nf3 b6 27. a4
Ba6 28. Rd2 Rad8 29. Rxd8 Rxd8 30. b4 Bc4 31. Ne4 Bd3 32. Ned2 Be2 33. h3 Bxf3
34. Nxf3 a5 35. bxa5 bxa5 36. Rc5 Ra8 37. Ne5 Kg7 38. Nc4 Kf6 39. Rxa5 Rxa5 40.
Nxa5 Ke7 41. Nb3 Kd7 42. a5 Kc7 43. Kf1 f5 44. Ke2 Kc6 45. Kd3 Kb5 46. Kc3 f4
47. Nd4+ Kxa5 48. Nxe6 g5 49. Kd3 Kb6 50. Ke4 Kc6 51. h4 Kd6 52. Kf5 gxh4 53.
Nxf4 h3 54. Nxh3 h5 55. Kg5 h4 56. Kxh4 Ke6 57. g4 Kf6 58. f4 Kg6 59. Kg3 Kh6
60. f5 Kg7 61. Kf4 Kf6 62. g5+ Kg7 63. Nf2 Kf7 64. Ne4 Kg7 65. Kg4 Kf7 66. Kh5
Kg7 67. f6+ Kf7 68. g6+ Kg8 69. Kh6 Kh8 70. g7+ Kg8 71. f7+ Kxf7 72. Kh7 Ke7
73. g8=Q Kd7 74. Nd6 Kc7 75. Qc8+ Kxd6 76. Kg7 Ke7 77. Qa6 Kd7 78. Kf6 Kc7 79.
Ke6 Kb8 80. Qc6 Ka7 81. Kd5 Kb8 82. Qd7 Ka8 83. Kc6 1-0

[Event "DEM U10/U10w 2013"]
[Site "Oberhof GER"]
[Date "2013.05.23"]
[Round "8"]
[White "Bosselmann, Tom Linus"]
[Black "Ziegenfuß, Antonia"]
[Result "1-0"]
[Termination "normal"]
[Board "32"]
[WhiteElo "1180"]
[BlackElo "1064"]
[PlyCount "91"]
[WhiteFideId "12983845"]
[BlackFideId "12962554"]
[EventCountry "GER"]
[EventRounds "11"]
[EventType "swiss"]
[EventDate "2013.05.18"]

1. d4 Nf6 2. c4 d6 3. Nc3 Nbd7 4. e4 e5 5. d5 Nc5 6. f3 a5 7. Bg5 Be7 8. Be3 b6
9. Nge2 O-O 10. Nc1 Bd7 11. Nd3 Nxd3+ 12. Bxd3 Ne8 13. Qd2 h6 14. Ne2 Rc8 15.
O-O-O c6 16. Kb1 cxd5 17. cxd5 Nc7 18. Bxb6 Rb8 19. Qxa5 Rb7 20. Rc1 Bg5 21.
Rxc7 Rb8 22. Rb7 Qc8 23. Rxb8 Qxb8 24. Bc7 Qc8 25. Bxd6 Bf6 26. Bxf8 Qxf8 27.
Rc1 Qb8 28. Rc7 Bd8 29. d6 Bxc7 30. dxc7 Qe8 31. Qb6 Kh7 32. Qb8 Qe7 33. Qd8
Qd6 34. c8=Q Qxd3+ 35. Qc2 Qb5 36. Nc3 Qf1+ 37. Qd1 Qxg2 38. Q8xd7 f6 39. Qf5+
Kg8 40. Qd8+ Kf7 41. Qdd7+ Kf8 42. Qc8+ Kf7 43. Qfe6+ Kg6 44. Qce8+ Kg5 45.
Qf5+ Kh4 46. Qeh5# 1-0

[Event "DEM U10/U10w 2013"]
[Site "Oberhof GER"]
[Date "2013.05.23"]
[Round "8"]
[White "Hinrichs, Paul"]
[Black "Silber, Fabian"]
[Result "0-1"]
[Termination "normal"]
[Board "33"]
[WhiteElo "1177"]
[BlackElo "1058"]
[PlyCount "74"]
[WhiteFideId "12942545"]
[BlackFideId "12947288"]
[EventCountry "GER"]
[EventRounds "11"]
[EventType "swiss"]
[EventDate "2013.05.18"]

1. d4 d5 2. c4 Nf6 3. Nc3 e6 4. Bg5 Be7 5. Nf3 O-O 6. e3 Nbd7 7. Bd3 b6 8. O-O
Bb7 9. Qc2 g6 10. Rac1 c5 11. Rfd1 a6 12. cxd5 exd5 13. Ne2 Re8 14. Qc3 Rc8 15.
Qb3 c4 16. Bxc4 dxc4 17. Rxc4 Rxc4 18. Qxc4 Bd5 19. Qxa6 Qa8 20. Qxa8 Rxa8 21.
a3 b5 22. Ne5 Nb6 23. Nf4 Bb3 24. Rd3 Rc8 25. h3 Rc1+ 26. Kh2 Ba2 27. Rd2 Ne4
28. Bxe7 Nxd2 29. Bc5 Nbc4 30. Nc6 Ne4 31. Ne7+ Kg7 32. f3 Nxc5 33. dxc5 Ne5
34. b4 Rc2 35. Nc8 h5 36. Nd6 h4 37. Nxb5 Nxf3+ 0-1

[Event "DEM U10/U10w 2013"]
[Site "Oberhof GER"]
[Date "2013.05.23"]
[Round "8"]
[White "Kurzweil, Naemi"]
[Black "Schumacher, Simon"]
[Result "0-1"]
[Termination "normal"]
[Board "34"]
[WhiteElo "980"]
[BlackElo "1156"]
[PlyCount "134"]
[WhiteFideId "12985708"]
[BlackFideId "12957518"]
[EventCountry "GER"]
[EventRounds "11"]
[EventType "swiss"]
[EventDate "2013.05.18"]

1. e4 d5 2. exd5 Qxd5 3. Nc3 Qa5 4. Bc4 Bf5 5. d4 c6 6. Bf4 Nf6 7. Nf3 e6 8. a3
Nbd7 9. Ne5 Nxe5 10. dxe5 Ne4 11. O-O Nxc3 12. bxc3 Qxc3 13. Bb3 Rd8 14. Qe2
Be7 15. Kh1 Qd4 16. Bg3 Bg5 17. Rfe1 O-O 18. h3 Qc3 19. Rad1 a5 20. a4 Rd2 21.
Qh5 Rxd1 22. Rxd1 h6 23. Bh4 Bxc2 24. Bxc2 Qxc2 25. Rg1 Qxa4 26. Bxg5 hxg5 27.
Qxg5 b5 28. g4 Qe4+ 29. Rg2 Qe1+ 30. Kh2 Qd1 31. h4 Qd8 32. Qh5 f6 33. g5 fxg5
34. hxg5 Rf5 35. Qg6 Qd5 36. Qe8+ Rf8 37. Qh5 Qxe5+ 38. Kh3 Qf5+ 39. Kh2 Qh7
40. Qxh7+ Kxh7 41. g6+ Kg8 42. Kg1 a4 43. Rh2 a3 44. Rh3 b4 45. Rb3 a2 46. Rxb4
a1=Q+ 47. Kg2 Rxf2+ 48. Kxf2 Qa2+ 49. Kf1 Kf8 50. Rb8+ Ke7 51. Rb7+ Kd6 52.
Rxg7 Qc4+ 53. Kg2 Qg4+ 54. Kf2 Qd4+ 55. Kf3 Qxg7 56. Ke4 Qxg6+ 57. Kf4 Qf5+ 58.
Ke3 e5 59. Kd2 e4 60. Ke2 Qf3+ 61. Kd2 Qd3+ 62. Ke1 Qc2 63. Kf1 e3 64. Kg1 e2
65. Kh2 Qd3 66. Kg2 e1=Q 67. Kh2 Qdg3# 0-1

[Event "DEM U10/U10w 2013"]
[Site "Oberhof GER"]
[Date "2013.05.23"]
[Round "8"]
[White "Wurst, Benedikt"]
[Black "Ruppert, Paula"]
[Result "0-1"]
[Termination "normal"]
[Board "36"]
[WhiteElo "1139"]
[BlackElo "989"]
[PlyCount "60"]
[WhiteFideId "12991791"]
[BlackFideId "12979996"]
[EventCountry "GER"]
[EventRounds "11"]
[EventType "swiss"]
[EventDate "2013.05.18"]

1. e4 d5 2. exd5 Qxd5 3. Nc3 Qa5 4. d4 Nf6 5. Bd2 c6 6. Nf3 Bg4 7. Be2 Nbd7 8.
h3 Bh5 9. O-O O-O-O 10. Ng5 Bg6 11. f4 e6 12. a3 Bd6 13. Nce4 Qd5 14. Nxd6+
Qxd6 15. c3 Ne4 16. Nxe4 Bxe4 17. Bg4 Nf6 18. Bf3 c5 19. Bxe4 Nxe4 20. Be3 cxd4
21. Bxd4 Ng3 22. Be5 Qc5+ 23. Bd4 Qb5 24. Rf3 Nf5 25. Qc2 Kb8 26. Be5+ Ka8 27.
a4 Qc5+ 28. Kh1 f6 29. b4 Qc4 30. g4 Nh4 0-1

[Event "DEM U10/U10w 2013"]
[Site "Oberhof GER"]
[Date "2013.05.23"]
[Round "8"]
[White "Brunner, Sophia"]
[Black "Schmidtmann, Kimberly"]
[Result "1-0"]
[Termination "normal"]
[Board "37"]
[WhiteElo "1054"]
[BlackElo "950"]
[PlyCount "135"]
[WhiteFideId "12960683"]
[BlackFideId "12967106"]
[EventCountry "GER"]
[EventRounds "11"]
[EventType "swiss"]
[EventDate "2013.05.18"]

1. d4 Nf6 2. c4 g6 3. Nc3 Bg7 4. Nf3 d6 5. Bf4 O-O 6. e3 e5 7. dxe5 dxe5 8.
Qxd8 Rxd8 9. Bxe5 Rd7 10. Rd1 Nc6 11. Rxd7 Bxd7 12. Bxc7 Re8 13. Bd3 Bh6 14. h3
Re6 15. g4 g5 16. Bf5 Re7 17. Bxd7 Rxd7 18. Be5 Nxe5 19. Nxe5 Re7 20. Nf3 Bg7
21. Ke2 h6 22. Rd1 Ne4 23. Nxe4 Rxe4 24. b3 Re6 25. Rd5 Ra6 26. a4 Rb6 27. Rb5
Rxb5 28. axb5 Kf8 29. Kd3 Ke7 30. Ke4 Kd6 31. b4 Bc3 32. c5+ Kc7 33. Kd5 Bxb4
34. Ne5 Ba5 35. Nxf7 b6 36. cxb6+ Kxb6 37. Kc4 Be1 38. f3 Bf2 39. e4 Bg3 40.
Nxh6 Ka5 41. Nf7 Kb6 42. Nxg5 Kc7 43. Nf7 Kd7 44. Nh6 Ke7 45. Nf5+ Kf6 46. Nxg3
Kg5 47. Kc5 Kf4 48. Kc6 Kxg3 49. e5 Kf4 50. e6 Ke5 51. e7 Kf4 52. e8=R Kg3 53.
Ra8 Kxf3 54. Rxa7 Kg3 55. b6 Kh4 56. b7 Kg3 57. b8=R Kh4 58. g5 Kxg5 59. Rb5+
Kg6 60. Ra6 Kf6 61. h4 Kg6 62. h5+ Kh6 63. Kb7+ Kh7 64. h6 Kg8 65. Ka7 Kh7 66.
Rb7+ Kh8 67. Rc6 Kg8 68. Rc8# 1-0

[Event "DEM U10/U10w 2013"]
[Site "Oberhof GER"]
[Date "2013.05.23"]
[Round "8"]
[White "Gazizov, Max"]
[Black "Truong, Lisa"]
[Result "0-1"]
[Termination "normal"]
[Board "38"]
[WhiteElo "1042"]
[BlackElo "793"]
[PlyCount "94"]
[WhiteFideId "12951323"]
[BlackFideId "12983462"]
[EventCountry "GER"]
[EventRounds "11"]
[EventType "swiss"]
[EventDate "2013.05.18"]

1. d4 d5 2. Nf3 Nf6 3. c4 e6 4. Nc3 Be7 5. Bg5 Nbd7 6. e3 c6 7. Bd3 h6 8. Bh4
dxc4 9. Bxc4 Nb6 10. Bd3 Nbd5 11. Rc1 Nxc3 12. Rxc3 Bb4 13. Qb3 Bxc3+ 14. Qxc3
Nd5 15. Bxd8 Nxc3 16. bxc3 Kxd8 17. Ne5 Ke7 18. Bg6 fxg6 19. Nxg6+ Kf6 20. Nxh8
Bd7 21. O-O Rxh8 22. Rb1 b5 23. f3 g5 24. g4 h5 25. h3 hxg4 26. hxg4 e5 27. Rb3
Be6 28. Ra3 Rh7 29. Ra6 Rc7 30. e4 exd4 31. cxd4 Kg6 32. Kf2 Bc8 33. Ra3 Rd7
34. d5 cxd5 35. exd5 Rxd5 36. Rxa7 Rd7 37. Rxd7 Bxd7 38. a3 Kf6 39. Ke3 Ke5 40.
f4+ gxf4+ 41. Kf3 Bc8 42. g5 Kf5 43. g6 Bb7+ 44. Ke2 Kxg6 45. Kd3 Bc6 46. Kd4
Kg5 47. Kc5 Be8 0-1

[Event "DEM U10/U10w 2013"]
[Site "Oberhof GER"]
[Date "2013.05.23"]
[Round "8"]
[White "Brunkardt, Elena"]
[Black "Ewerhardy, Moritz"]
[Result "1/2-1/2"]
[Termination "normal"]
[Board "39"]
[WhiteElo "1010"]
[BlackElo "1019"]
[PlyCount "72"]
[WhiteFideId "16208838"]
[BlackFideId "36052086"]
[EventCountry "GER"]
[EventRounds "11"]
[EventType "swiss"]
[EventDate "2013.05.18"]

1. e4 e5 2. Nf3 Nc6 3. d4 exd4 4. Nxd4 Bc5 5. Be3 Bb6 6. Bc4 Nf6 7. f3 O-O 8.
O-O d5 9. Bb5 Ne5 10. Nc3 c5 11. Nxd5 Nxd5 12. exd5 cxd4 13. Bxd4 Qxd5 14. Bxb6
Qxd1 15. Raxd1 axb6 16. a3 Bf5 17. Rd5 f6 18. f4 Bxc2 19. fxe5 fxe5 20. Rxf8+
Rxf8 21. Bc4 Kh8 22. Rxe5 Ba4 23. Re7 Bc6 24. Bd3 Kg8 25. Re3 h6 26. Bc4+ Kh7
27. Rb3 Rd8 28. Rxb6 Rd1+ 29. Bf1 Be4 30. Rb3 Rd2 31. Rb4 Bc6 32. h3 Kg6 33.
Kh2 Kg5 34. Rg4+ Kf6 35. Rf4+ Kg5 36. Rb4 Kh5 1/2-1/2

[Event "DEM U10/U10w 2013"]
[Site "Oberhof GER"]
[Date "2013.05.23"]
[Round "8"]
[White "Wachinger, Nikolas"]
[Black "Schilay, Maria"]
[Result "0-1"]
[Termination "normal"]
[Board "40"]
[WhiteElo "1007"]
[BlackElo "1048"]
[PlyCount "80"]
[WhiteFideId "12962791"]
[BlackFideId "12942979"]
[EventCountry "GER"]
[EventRounds "11"]
[EventType "swiss"]
[EventDate "2013.05.18"]

1. e4 e5 2. Nf3 Nc6 3. Bb5 Nge7 4. O-O g6 5. c3 a6 6. Ba4 b5 7. Bc2 Bg7 8. d4
exd4 9. cxd4 d6 10. h3 O-O 11. Nc3 Bd7 12. Be3 Kh8 13. Qd2 f5 14. Rad1 Qe8 15.
Rfe1 Qf7 16. Bf4 Rac8 17. e5 d5 18. Ng5 Qg8 19. e6 Be8 20. Be5 Nxe5 21. dxe5 c5
22. Nxd5 Nxd5 23. Qxd5 Bc6 24. Qxc5 Bxg2 25. Qxc8 Rxc8 26. Nf7+ Qxf7 27. exf7
Bxh3 28. Bb3 Bg4 29. Rd7 f4 30. Re7 Bf8 31. Re8 Kg7 32. Rxc8 Bxc8 33. e6 Kf6
34. Kg2 Bb7+ 35. Kh3 h5 36. Kh4 Bf3 37. Rc1 g5+ 38. Kh3 g4+ 39. Kh4 Kg6 40. Rc8
Be7# 0-1

[Event "DEM U10/U10w 2013"]
[Site "Oberhof GER"]
[Date "2013.05.23"]
[Round "8"]
[White "Indilewitsch, Marie-Claire"]
[Black "Svane, Freja"]
[Result "1-0"]
[Termination "normal"]
[Board "42"]
[WhiteElo "963"]
[BlackElo "867"]
[PlyCount "49"]
[BlackFideId "12940100"]
[EventCountry "GER"]
[EventRounds "11"]
[EventType "swiss"]
[EventDate "2013.05.18"]

1. e4 e6 2. d4 d5 3. Nc3 Nf6 4. Bg5 Be7 5. e5 Nfd7 6. Bxe7 Qxe7 7. f4 c5 8. Nb5
Qd8 9. Nd6+ Ke7 10. Qh5 Qa5+ 11. c3 cxd4 12. Qg5+ Kf8 13. Nxc8 f6 14. Qg3 Nc6
15. exf6 Nxf6 16. Nd6 Qb6 17. Rb1 a6 18. Ne2 Ne7 19. f5 exf5 20. Nxd4 g6 21.
Ne6+ Kg8 22. Qe5 Rf8 23. Nxf8 Kxf8 24. Qxf6+ Kg8 25. Qf7# 1-0

[Event "DEM U10/U10w 2013"]
[Site "Oberhof GER"]
[Date "2013.05.23"]
[Round "8"]
[White "Rizo Wellmann, Darja"]
[Black "Richter, Merlin"]
[Result "0-1"]
[Termination "normal"]
[Board "43"]
[WhiteElo "956"]
[BlackElo "791"]
[PlyCount "74"]
[WhiteFideId "16218361"]
[EventCountry "GER"]
[EventRounds "11"]
[EventType "swiss"]
[EventDate "2013.05.18"]

1. e4 e5 2. Nf3 Nc6 3. Bb5 a6 4. Ba4 Nf6 5. d4 exd4 6. O-O b5 7. Bb3 d5 8. Bxd5
Nxd5 9. exd5 Qxd5 10. Re1+ Be6 11. Nc3 Qd8 12. Ne4 h6 13. Ng3 Bc5 14. Nh5 O-O
15. Ne5 Nxe5 16. Rxe5 Qd6 17. Bf4 Qe7 18. Qf3 f6 19. Ree1 Qd7 20. Qg3 Bg4 21.
Bxh6 Bxh5 22. Re4 Rfe8 23. Rh4 Be2 24. b3 b4 25. Rf1 Bxf1 26. Bxg7 Re1 27. Bh6+
Kf7 28. Qg7+ Ke6 29. Qg4+ Ke7 30. Qg7+ Kd8 31. Qxf6+ Qe7 32. Qh8+ Qe8 33. Rxd4+
Bd6 34. Bg5+ Kd7 35. Qh7+ Kc8 36. f3 Bd3+ 37. Kf2 Qe2# 0-1

[Event "DEM U10/U10w 2013"]
[Site "Oberhof GER"]
[Date "2013.05.23"]
[Round "8"]
[White "Klemke, Kassandra"]
[Black "Jaenecke, Maike"]
[Result "1/2-1/2"]
[Termination "normal"]
[Board "45"]
[WhiteElo "1163"]
[BlackElo "968"]
[PlyCount "49"]
[WhiteFideId "16217128"]
[EventCountry "GER"]
[EventRounds "11"]
[EventType "swiss"]
[EventDate "2013.05.18"]

1. e4 e5 2. Nf3 Nc6 3. Bc4 Bc5 4. c3 Nf6 5. d4 exd4 6. cxd4 Bb4+ 7. Nc3 O-O 8.
Bg5 Be7 9. O-O h6 10. Bh4 d6 11. d5 Ne5 12. Bb3 Bg4 13. h3 Bxf3 14. gxf3 Qd7
15. Kh2 Nfg4+ 16. fxg4 Bxh4 17. Qe2 Qe7 18. Bc2 Qf6 19. Rad1 Qf4+ 20. Kg1 Nf3+
21. Kg2 Ng5 22. Rd3 Rad8 23. Qe3 Qxe3 24. Rxe3 Rd7 25. Rfe1 1/2-1/2

[Event "DEM U10/U10w 2013"]
[Site "Oberhof GER"]
[Date "2013.05.23"]
[Round "8"]
[White "Höfs, Cederik"]
[Black "Gabriel, Benjamin"]
[Result "1-0"]
[Termination "normal"]
[Board "46"]
[WhiteElo "915"]
[BlackElo "920"]
[PlyCount "103"]
[WhiteFideId "16207653"]
[BlackFideId "16226887"]
[EventCountry "GER"]
[EventRounds "11"]
[EventType "swiss"]
[EventDate "2013.05.18"]

1. e4 e5 2. Nf3 Nc6 3. d4 exd4 4. Nxd4 Nxd4 5. Qxd4 Nf6 6. Bg5 Be7 7. e5 Ng8 8.
Bxe7 Nxe7 9. Nc3 O-O 10. Bd3 b6 11. Qe4 g6 12. Qxa8 a5 13. O-O Nc6 14. Bb5 Nxe5
15. Rfe1 d6 16. Rad1 f6 17. Qd5+ Nf7 18. Rd2 Kg7 19. Rde2 Bd7 20. Bxd7 Qxd7 21.
Nb5 Ne5 22. Nd4 Re8 23. f4 Kf8 24. fxe5 fxe5 25. Rf1+ Kg7 26. Ref2 Re7 27. Nc6
Kh6 28. Nxe7 Qxe7 29. Qd2+ Kh5 30. Qe2+ Kh6 31. Qe3+ Kh5 32. Qf3+ Kh6 33. Qf8+
Qxf8 34. Rxf8 Kh5 35. Kf2 c5 36. Rd8 Kh6 37. Rxd6 Kg7 38. Ke3 Kh6 39. Rxb6 Kg5
40. Ke4 Kh5 41. Kxe5 Kh6 42. Rb5 a4 43. Rxc5 a3 44. bxa3 Kg7 45. a4 Kh6 46. a5
Kg5 47. a6 Kh6 48. a7 Kg7 49. a8=Q Kh6 50. Rf3 Kg7 51. Rc7+ Kh6 52. Rh3+ 1-0

[Event "DEM U10/U10w 2013"]
[Site "Oberhof GER"]
[Date "2013.05.23"]
[Round "8"]
[White "Zell, Hannah"]
[Black "Huppert, Anna"]
[Result "0-1"]
[Termination "normal"]
[Board "47"]
[WhiteElo "723"]
[BlackElo "793"]
[PlyCount "66"]
[WhiteFideId "16208900"]
[BlackFideId "16214439"]
[EventCountry "GER"]
[EventRounds "11"]
[EventType "swiss"]
[EventDate "2013.05.18"]

1. e4 e5 2. Nf3 Nc6 3. Bc4 Nf6 4. Ng5 Rg8 5. O-O d6 6. h3 d5 7. exd5 Nxd5 8.
Qh5 g6 9. Qf3 Be6 10. d3 Bh6 11. a4 Bxg5 12. a5 Bxc1 13. Rxc1 Nf4 14. Bb5 Qg5
15. Bxc6+ bxc6 16. Qxc6+ Ke7 17. Kf1 Bd7 18. Qe4 Bf5 19. Qxe5+ Kd7 20. Ke1
Nxg2+ 21. Kf1 Nf4 22. Qb5+ c6 23. Qb7+ Kd6 24. Qb4+ Kd7 25. Qb7+ Ke6 26. Qb3+
Nd5 27. Re1+ Kd6 28. Ra4 Bxh3+ 29. Ke2 Qf5 30. d4 Bg4+ 31. Kd2 Qxf2+ 32. Re2
Qxe2+ 33. Kc1 Qd1# 0-1